2000'li yıllara girerken Türkiye'nin küçük ve orta ölçekli işletmeler politikası (Kayıt no. 10416)

MARC ayrıntıları
000 -BAŞLIK
Sabit Uzunlukta Kontrol Alanı 01108na a2200265 4500
001 - KONTROL NUMARASI
Denetim Alanı 23680
003 - KONTROL NUMARASI IDENTIFIER
Denetim Alanı MIRAKIL
005 - SON İŞLEM TARİHİ VE ZAMANI
Denetim Alanı 20181213155321.0
008 - SABİT-BOY VERİ ELEMANLARI - GENEL BİLGİLER
Sabit Uzunlukta Kontrol Alanı 180103b tu 000 0
020 ## - ULUSLARARASI STANDART KİTAP NUMARASI
Uluslararası Standart Kitap Numarası 975512165x
040 ## - KATALOGLAMA KAYNAK
Orijinal Kataloglama Ajansı Milas
Kataloglama Dili tur
Metne Dönüştürmek Ajansı TR-AnCHP
041 ## - DİL KODU
Metin / Ses Parça Veya Ayrı Başlığın Dil Kodu tur
082 ## - DEWEY ONLU SINIFLANDIRMA NUMARASI
Sınıflandırma Numarası 338.642
Ürün Numarası T96k 1993
090 ## - SINIFLAMA NUMARASI
Sınıflama Numarası 338.642 T96k 1993
110 ## - ANA GİRİŞ - KURUMSAL ADI
Giriş Elemanı Olarak Kurumsal Ad Veya Yargı Alanı Adı Türkiye Odalar ve Borsalar Birliği ( TOBB)
111 ## - ANA GİRİŞ - TOPLANTI ADI
Giriş Elemanı Olarak Toplantı Adı Veya Yargı Alanı Adı 2000'li yıllara girerken Türkiye'nin küçük ve orta ölçekli işletmeler politikası
Toplantı Veya Antlaşma İmzalandığı Tarihi 27 Aralık 1993
245 ## - BAŞLIK TABLOSU
Başlık 2000'li yıllara girerken Türkiye'nin küçük ve orta ölçekli işletmeler politikası
Başlığın Kalan Küçük ve Orta Ölçekli işletmeler konferansı
Sorumluluk Tablosu, Vb Türkiye Odalar ve Borsalar Birliği ( TOBB)
246 ## - UNVAN FORM VARYING
Başlık Doğru / Kısa Başlığı Küçük ve Orta Ölçekli işletmeler konferansı
260 ## - YAYIN, DAĞITIM, VB
Yayın, Dağıtım, Vb Yeri Ankara
Yayıncı, Dağıtıcı, Vs Adı Türkiye Odalar ve Borsalar Birliği ( TOBB)
Yayın, Dağıtım, Vb Tarihi 1993
Üretici Firma Akay Ofset
300 ## - FİZİKSEL TANIM
Kapsam 101 s.
Boyutlar 28 sm.
440 ## - SERİSİ TABLOSU / KATMA GİRİŞİ - BAŞLIK
Başlık TOBB yayınları
Hacim / Ardışık Tanımı Genel : 278
650 ## - KONU KATMA GİRİŞ - TOPİKAL DÖNEM
Topikal Süreli Veya Coğrafi Ad Giriş Elemanı Küçük ve orta ölçekli işletmeler
Genel Alt Bölümü Toplantılar
740 ## - KATMA GİRİŞ - KONTROLSUZ İLGİLİ / ANALİTİK BAŞLIK
Kontrol Edilmeyen / İlgili Analitik Başlıktaki Küçük ve Orta Ölçekli işletmeler konferansı
942 ## - EKLENDİ GİRİŞ ELEMANLARI (KOHA)
Sınıflandırma Veya Raf Düzeni Kaynak
Koha Öğesi Türü Kitaplar
999 ## - SİSTEM KONTROL NUMARALARI (KOHA)
Koha Biblionumber 10416
Koha Biblioitemnumber 10416
Mevcut
Kalıcı Konum Mevcut Konum Edinme Tarihi Edinim Kaynak Toplam Check-Out'Lar Tam Çağrı Numarası Barkod Tarih Son Görülme İtibaren Geçerli Fiyatlar Koha Öğesi Türü
CHP Kütüphanesi CHP Kütüphanesi 12/04/2017 Bağış   338.642 T96k 1993 017674 12/04/2017 12/04/2017 Kitaplar